000 00390nam a2200109Ia 4500
008 160909s9999 xx 000 0 und d
100 _aMurphy, LaShunda.
245 2 _aA professional development on autism spectrum disorders for special education teachers
260 _bPepperdine University
_c2016
650 _aEDUC/SPED
856 _uhttp://pqdtopen.proquest.com/doc/1767456622.html?FMT=ABS
999 _c304991
_d304991